00536nam a2200169 a 450000500170000000800410001702000180005805000230007610000170009924500360011626000410015230000090019344000200020252000980022265000250032065000210034520140412111424.0080201s19uu xx 00 eng d a0-516-25116-3 aTR(PS EbWa13 2004 aGerver, Jane aWait for me! /cJane E. Gerver. aNew York :bChildren's press,c2004. a31p. aMy first reader aNo one will wait for a little boy who is always late until he finds a friend who is late too. aPunctualityxFiction aStories in rhyme